00885nam a2200181Ia 4500001000700000008004100007082001700048111012700065245010600192260006300298300001100361500007500372503001600447650003600463650003400499700004100533711012900574Z_2909220601s9999 xx 000 0 und d a636.2142 S46 aSeminario Internacional del Centro de Ganadería del Colegio de Postgraduados. (septiembre 1990 : Montecillo, México.) aMejoramiento genético de bovinos lecheros : aspectos relevante / editor José Espinoza Velázquez aMéxico : Colegio de Postgraduados, Centro de Ganadería a146 p. aXI Aniversario del Centro de Ganadería, del Colegio de Postgraduados aej.1 - ej.6 a1. Ganado lechero - Genética  aGanado lechero - Mejoramiento aI. Espinoza Velázquez, José, ed. aI. Seminario Internacional del Colegio de Postgraduados. Centro de Ganadería (septiembre 1990 : Montecillo, México.) Ì